Luxembourg : Financial Sector Assessment Program: Technical Note-Selected Issues in Banking Supervision.

This Technical Note examines aspects of the banking supervision regime in Luxembourg. Significant progress has been made in relation to the recommendations made in the 2011 Financial Sector Assessment Program. The Finance Ministry is no longer responsible for the granting or revocation of banking li...

Повний опис

Бібліографічні деталі
Співавтор: International Monetary Fund. Monetary and Capital Markets Department
Формат: Журнал
Мова:English
Опубліковано: Washington, D.C. : International Monetary Fund, 2017.
Серія:IMF Staff Country Reports; Country Report ; No. 2017/258
Онлайн доступ:Full text available on IMF
LEADER 01912cas a2200241 a 4500
001 AALejournalIMF017902
008 230101c9999 xx r poo 0 0eng d
020 |c 5.00 USD 
020 |z 9781484316801 
022 |a 1934-7685 
040 |a BD-DhAAL  |c BD-DhAAL 
110 2 |a International Monetary Fund.  |b Monetary and Capital Markets Department. 
245 1 0 |a Luxembourg :   |b Financial Sector Assessment Program: Technical Note-Selected Issues in Banking Supervision. 
264 1 |a Washington, D.C. :  |b International Monetary Fund,  |c 2017. 
300 |a 1 online resource (35 pages) 
490 1 |a IMF Staff Country Reports 
500 |a <strong>Off-Campus Access:</strong> No User ID or Password Required 
500 |a <strong>On-Campus Access:</strong> No User ID or Password Required 
506 |a Electronic access restricted to authorized BRAC University faculty, staff and students 
520 3 |a This Technical Note examines aspects of the banking supervision regime in Luxembourg. Significant progress has been made in relation to the recommendations made in the 2011 Financial Sector Assessment Program. The Finance Ministry is no longer responsible for the granting or revocation of banking licenses, the Commission for the Supervision of the Financial Sector (CSSF) is no longer charged with promoting industry, resources have increased substantially, and there has been a significant increase in the implementation of sanctioning powers. There still exists potential for government or industry interference in the operational independence of the CSSF. The frequency of on-site inspections of Luxembourg subsidiaries of significant institutions is also on the low side. 
538 |a Mode of access: Internet 
830 0 |a IMF Staff Country Reports; Country Report ;  |v No. 2017/258 
856 4 0 |z Full text available on IMF  |u http://elibrary.imf.org/view/journals/002/2017/258/002.2017.issue-258-en.xml  |z IMF e-Library